000 00294nam a2200145Ia 4500
100 _aHajra Choudhury/S.K
942 _cBK
654 _aManagement
245 _aProduction Management
260 _bM.P.P
_c1990
082 _a658.5
_bCHO
300 _a524
546 _aENGLISH
999 _c34288
_d34288